[Event "Douglas IoM op"]
[Site "Douglas"]
[Date "2017.09.26"]
[Round "4"]
[White "Kasimdzhanov, Rustam"]
[Black "Carlsen, Magnus"]
[Result "1/2-1/2"]
[WhiteElo "2676"]
[BlackElo "2827"]
[Annotator "Marin,Mihail"]
[PlyCount "144"]
[EventDate "2017.09.23"]
[EventType "swiss"]
[EventRounds "9"]
[EventCountry "IOM"]
[SourceTitle "CBM 181"]
[Source "ChessBase"]
[SourceDate "2017.11.10"]
[SourceVersion "1"]
[SourceVersionDate "2017.11.10"]
[SourceQuality "1"]

1. e4 Nc6 {Carlsen's opening surprises do not... surprise anybody anymore. Usually, it is a about a rare move or line in the early phase of the game, but it seems that he also intends trying out all the openings, one by one! Apparently, he has never played this opening before.} 2. Nf3 ({We can only speculate about what he had in mind after} 2. d4 {Possibly the "main line"} d5 3. e5 Bf5 {with some sort of Advance Caro Kann structure.}) 2... d6 3. d4 Nf6 {Black's intention is to transpose to a classical Pirc, where due to the early commitment of the queen's knight he will have to play ...g4, but this is one of Black's main weapons anyway.} 4. d5 {With both central pawns under pressure, this is the only way of transposing to some sort of King's Indian, where the pawn will stand on c4 instead of c2.} ({It is worth mentioning that Carlsen had twice played} 4. Nc3 Bg4 5. d5 ({If} 5. Be2 g6 6. O-O Bg7 {play is not far from transposing to a genuine Pirc.}) 5... Nb8 (5... Bxf3 {is premature:} 6. Qxf3 Ne5 7. Qg3 c6 8. f4 Ned7 9. dxc6 bxc6 10. e5 Nd5 11. exd6 exd6 12. Nxd5 cxd5 13. Bd2 $16 {Carlsen,M (2385)-Kiik,K (2439) Rethymno 2003 (1-0, 27)}) 6. h3 Bxf3 7. Qxf3 Nbd7 (7... g6 {may be more flexible, leaving the d7-square available for the king's knight.}) 8. g4 {A logical way to try taking advantage of the unusual move order.} g6 9. Be3 Bg7 10. O-O-O c5 11. Qe2 (11. Qg2 {may have slowed down a bit the queenside counter-attack.} b5 12. Bxb5 $5) 11... b5 12. g5 (12. Qxb5 Rb8 {may be less dangerous than it seems, but in blitz this is not an easy decision to take.}) (12. Nxb5 Nxe4) 12... Nh5 13. Nxb5 Rb8 14. c3 Qa5 15. a4 Nb6 (15... O-O 16. Qc2 Nb6 $11) 16. Nc7+ Kd8 17. Qa6 Qxa4 (17... Bxc3 $5 18. Qxa5 Bxa5 19. Na6 Rc8 20. Bb5) 18. Bb5 Qxa6 19. Nxa6 Rb7 20. Bc6 $16 {Carlsen,M (2851)-Petrosian,T (2611) chess.com INT (blitz) 2016 (1-0, 34)}) (4. Bb5 a6 (4... Nxe4 $2 5. d5 a6 6. Bd3 {wins a piece}) (4... Bd7 $5 5. Nc3 a6 6. Be2 e5 {or 6...g4}) 5. Ba4 (5. Bxc6+ bxc6 6. Qe2) 5... b5 6. Bb3 Nxe4 $2 (6... Bg4) (6... Bb7) (6... Na5) 7. Bd5 {1-0 De Jong,T (2258)-Lindeman,J (1985) Utrecht 2017}) 4... Nb8 5. Bd3 g6 ({In view of the line examined below it makes sense to play} 5... Bg4 {at once. But probably Carlsen thought it would be better avoiding the same kind of treatment as in his games with White, based on an early h2-h3.}) 6. O-O Bg7 7. c4 O-O 8. Nc3 (8. h3 $5 e5 $2 {This transposes to a King's Indian with two tempi less for Black.} (8... Na6 {is more flexible:} 9. Nc3 Nc5 10. Bc2 a5) 9. Nc3 Na6 10. a3 Nh5 11. Re1 Qe8 12. b4 h6 13. c5 f5 14. Bd2 Nf6 15. exf5 gxf5 16. Nh4 e4 17. c6 bxc6 18. Bxa6 Bxa6 19. Nxf5 cxd5 20. Bxh6 Bxh6 21. Nxh6+ Kh7 22. Ng4 $18 {Tabatabaei,M (2509)-Maghsoodloo,P (2584) Teheran 2017 (½-½, 59)}) 8... Bg4 ({RR} 8... c6 9. Re1 Na6 10. Bg5 h6 11. Be3 Bg4 12. h3 Bxf3 13. Qxf3 Nd7 14. Qd1 Qc7 15. Rc1 Rae8 16. Qd2 Kh7 17. a3 Nac5 18. Bc2 a5 19. b4 axb4 20. axb4 Na6 21. Rb1 Ra8 22. Rec1 c5 23. Nb5 {Van Kampen,R (2646)-Shabalov,A (2544) Chess.com INT 2018 ½-½ (44)}) ({RR} 8... e5 9. Nd2 Nbd7 10. Be2 a5 11. Rb1 Nc5 12. b3 Bh6 13. Bf3 Nd3 14. Ba3 Nd7 15. g3 Qg5 16. Nb5 Qxd2 17. Qxd2 Bxd2 18. Rfd1 Ne1 19. Rxe1 Bxe1 20. Rxe1 Nc5 21. Nxc7 Rb8 22. Nb5 Rd8 23. Nxd6 {Kosteniuk,A (2484)-Ibarra Jerez,J (2559) chess.com INT 2025 1-0 (45)}) 9. Be2 $146 ({After castling short White does not get much with} 9. h3 Bxf3 10. Qxf3 Nbd7 11. Qe2 c6 12. Bd2 a5 13. b3 Nc5 14. Bc2 e6 (14... Re8 {[%cal Ge7e6]}) 15. dxe6 (15. Rad1 $5) 15... Nxe6 16. Rad1 Nd7 17. Qd3 {Poniaev,R (2265)-Nikolaev,N (2411) Dagomys 2010 (1-0, 53)} a4 $1 18. Nxa4 (18. Qxd6 axb3 19. axb3 Nd4 20. Rc1 Be5 21. Qb4 b6 $17 {[%csl Gb4]}) 18... Ndc5 19. Nxc5 Nxc5 20. Qg3 Rxa2 21. Bb1 Rb2 22. b4 Ne6 $132) ({RR} 9. h3 Bxf3 10. Qxf3 Nfd7 11. Qg3 c6 12. Be3 Na6 13. Rac1 Nac5 14. Bb1 a5 15. h4 a4 16. h5 Qb6 17. Nd1 Qb4 18. Qh3 Ne5 19. a3 Qb3 20. Rc3 Qb6 21. f4 Ned7 22. e5 cxd5 23. cxd5 dxe5 {Preotu,R (2445)-Pranav,A (2467) Chess.com INT 2022 1-0 (41)}) ({RR} 9. h3 Bxf3 10. Qxf3 Nfd7 11. Qg3 c6 12. Be3 Na6 13. Rac1 Nac5 14. Bb1 a5 15. h4 a4 16. h5 Qb6 17. Nd1 Qb4 18. Qh3 Ne5 19. a3 Qb3 20. Rc3 Qb6 21. f4 Ned7 22. e5 cxd5 23. cxd5 dxe5 {Preotu,R (2445)-Pranav,A (2467) Chess.com INT 2022 1-0 (41)}) 9... Nfd7 {In the first phase, Black consolidates his control on the dark squares. Later he will break on the light squares. Quite logical and consistent. White has more space but cannot create threats easily.} 10. Bg5 a5 11. Nd2 Bxe2 12. Qxe2 c6 13. Kh1 a4 14. a3 {0-1 Botvinnik,M-Geller,E Budapest Maroczy Memorial 1952 (2) Frankly, I am very much against such self-blocking moves if they do not lead to something concrete, for instance winning the a4-pawn. The first time I was puzzled by such a move was when I saw the game} (14. Rac1 {is a more flexible way of neutralising the effects of ...a4-a3.} Na6 15. f4 (15. Nxa4 Nb4) 15... Nac5 16. Nf3 Re8 {[%cal Gd8a5,Ge7e6] Maybe White wanted to prevent the immediate ...a6, but freezing the queenside offers Black comfortable play.}) 14... Nc5 15. f4 Nbd7 16. Nf3 Qc7 17. Rad1 (17. Bxe7 $2 Rfe8 18. Bh4 Bxc3 19. bxc3 Nxe4 20. Qc2 cxd5 21. cxd5 Qxc3 $17) {Later Carlsen will change the rooks' placement.} 17... Rae8 {[%cal Ge7e6]} ({He might have refrained from} 17... Rfe8 {due to} 18. e5 f6 (18... dxe5 19. fxe5 Nxe5 20. Bf4 f6 21. dxc6 bxc6 22. Ne4 Nxe4 23. Qxe4 $44) 19. e6 fxg5 20. exd7 Qxd7 21. Nxg5 {when it would be of course better having the other rook on f8. But even this looks acceptable for Black after} e6) 18. f5 {The only way to fight against the planned ...e7-e6, turning the e4-pawn vulnerable. But now the weakness of the e5-square increases Black's stability and manoeuvring possibilities, while White does not have real attacking chances due to his strategic problems on other sectors of the board.} Qa5 (18... e6 $6 19. dxe6 fxe6 20. fxg6 hxg6 21. Be3 $14 {[%csl Gg6][%cal Gf3g5]}) 19. Na2 {Heading for b4 but weakening e4.} Nf6 20. Nd2 Ncd7 21. Nf3 Nc5 22. Nd2 Ncd7 23. Nf3 Rc8 {Carlsen of course plays on. Black's position is too pleasant to agree to a draw by repetition.} 24. Nb4 Rfe8 {SLightly careless.} (24... cxd5 25. cxd5 Rc5 $132) 25. Bd2 ({Missing a good chance for activity.} 25. e5 $1 Nxe5 (25... dxe5 26. dxc6 bxc6 27. Bxf6 Nxf6 28. Nxe5 $16 {The c6-pawn is hanging but there is also a surprising kingside threat:} Qb6 $6 29. Nxf7 $1 Kxf7 30. Qe6+ Kf8 31. fxg6 hxg6 32. Nd3 $18 {[%cal Gd3e5]}) 26. Nxe5 dxe5 27. d6 $16 {Black is suddenly hanging.}) 25... Qc7 26. dxc6 {White could not stand the pressure anymore.} (26. Bc3 cxd5 27. cxd5 Qc4 28. Rfe1 Qxe2 29. Rxe2 Nc5 30. e5 Nfe4 $15) 26... bxc6 27. Bc3 e5 $11 {Blck has stabilised the centre with good play, but White is not without chances either due to the pressure along the f-file.} (27... e6 28. fxg6 hxg6 29. e5 $36) 28. Nd2 (28. fxe6 Rxe6 $17) (28. fxg6 hxg6 {[%csl Gd4][%cal Gd7c5,Gc5e6] clears the queen's knight's path to d4.} 29. Ng5 Nc5 30. Qe1 Nh7) 28... Nc5 29. Rf3 Nh5 30. g3 Bh6 31. Rdf1 Qe7 32. Nd3 Nxd3 {After this natural exchange Black loses stability in the centre.} (32... Nd7 $5 {[%cal Gh5f6,Gd6d5]}) 33. Rxd3 Nf6 34. Rdf3 Rf8 35. c5 {The idea is right, but White could have prepared it} (35. Nb1 $5 $14 {[%csl Ga4][%cal Gc3d2,Gb1c3] This not only prepares the regrouping illustrated with arrows but also removes the knight from the attacked square, making the pressure on e5 real.} Rb8 36. c5 d5 37. exd5 Nxd5 38. Qxe5 $16) 35... d5 36. exd5 cxd5 37. fxg6 (37. c6 $5 {wins an exchange but with good compensation for Black.} g5 $5 (37... Rxc6 38. Bb4 {forces} Rd6 {due to the pressure on the f-file but Black seems to be doing well.} 39. Rd3 Rfd8) 38. Bb4 (38. Qxe5 Qxe5 39. Bxe5 Rxc6 40. Bxf6 Rxf6 41. Rd3 Rb6 {is also playable for Black.}) 38... Qe8 39. Bxf8 Kxf8 40. Rc3 g4 $44) 37... fxg6 38. Qxe5 Qxe5 39. Bxe5 Nd7 40. Rxf8+ Bxf8 {Black's endgame is slightly more pleasant already due to the queenside configuration. But a draw is the most probable result.} 41. Bd4 (41. Bd6 $11) 41... Nxc5 42. Rc1 Bh6 43. Bxc5 (43. Rxc5 Rxc5 44. Bxc5 Bxd2 45. Kg2 $11) 43... Bxd2 44. Rd1 Rxc5 45. Rxd2 Kf7 46. Rd4 Ke6 47. Rxa4 Rc2 48. Kg1 Rxb2 49. Rh4 Rb7 (49... h5 50. g4 hxg4 51. Rxg4 Kf5 52. Rd4 Ke5 53. Rg4 d4 54. Kf1 d3 55. Ke1 $11) 50. Kf2 Kd6 51. Ke3 Kc5 52. Kd3 Rb3+ 53. Kc2 Rxa3 54. Rxh7 Kc4 55. Rc7+ Kd4 56. Rc6 Ra2+ 57. Kb3 Rxh2 58. Rxg6 Kd3 59. g4 d4 60. g5 Rg2 61. Rh6 Ke2 (61... Rxg5 62. Rh3+ {is similar to the game.}) 62. Rh1 Rg3+ 63. Kb2 Rxg5 64. Rh2+ Kd3 65. Rh3+ Kc4 66. Kc2 Rg2+ 67. Kd1 Rb2 68. Rg3 Rh2 69. Rf3 Rh1+ 70. Kd2 Rh2+ 71. Kd1 Rh1+ 72. Kd2 Rh2+ 1/2-1/2

[Event "Douglas IoM op"]
[Site "Douglas"]
[Date "2017.09.27"]
[Round "5"]
[White "Carlsen, Magnus"]
[Black "Granda Zuniga, Julio E"]
[Result "1-0"]
[WhiteElo "2827"]
[BlackElo "2653"]
[PlyCount "55"]
[EventDate "2017.09.23"]
[EventType "swiss"]
[EventRounds "9"]
[EventCountry "IOM"]
[SourceTitle "CBM 181"]
[Source "ChessBase"]
[SourceDate "2017.11.10"]
[SourceVersion "1"]
[SourceVersionDate "2017.11.10"]
[SourceQuality "1"]

1. e4 e5 2. Nf3 Nf6 3. Nxe5 d6 4. Nf3 Nxe4 5. d4 d5 6. Bd3 Be7 7. O-O O-O 8. c4 Nf6 9. Nc3 Nc6 10. cxd5 Nb4 11. Re1 Nbxd5 12. h3 c6 ({RR} 12... Re8 13. Bg5 Be6 14. Bc2 c6 15. a3 Nd7 16. Bxe7 Rxe7 17. Ng5 Nf8 18. Qf3 Nf6 19. Rad1 Bc4 20. Nge4 Nxe4 21. Rxe4 Rxe4 22. Bxe4 Bb3 23. Rd3 Bc4 {½-½ (23) David,A (2540)-Nezar,M (2356) Chartres FRA 2023}) 13. a3 Re8 14. Qc2 h6 15. Nxd5 $146 ({RR} 15. Ne5 Qb6 16. Nxd5 cxd5 17. Be3 Be6 18. Qd2 Rac8 19. Bxh6 gxh6 20. Qxh6 Qxb2 21. Rab1 Qxa3 22. Re3 Rc1+ 23. Kh2 Rxb1 24. Rg3+ Bg4 25. Nxg4 Rh1+ 26. Kxh1 Qc1+ {1-0 (26) Maximov,D (2485)-Shtanko,D (2346) Poltava 2009}) 15... Nxd5 16. Ne5 Bd6 17. Bh7+ Kf8 18. Bd2 Be6 19. Re2 Nf6 20. Rae1 Qc7 21. Ng6+ fxg6 22. Rxe6 Nxh7 23. Rxe8+ Rxe8 24. Rxe8+ Kxe8 25. Qxg6+ Kd8 26. Qxh7 Qe7 27. g3 Kc7 28. Qg6 1-0

[Event "Douglas IoM op"]
[Site "Douglas"]
[Date "2017.09.30"]
[Round "8"]
[White "Caruana, Fabiano"]
[Black "Carlsen, Magnus"]
[Result "0-1"]
[WhiteElo "2799"]
[BlackElo "2827"]
[Annotator "Nielsen,Peter Heine"]
[PlyCount "70"]
[EventDate "2017.09.23"]
[EventType "swiss"]
[EventRounds "9"]
[EventCountry "IOM"]
[SourceTitle "CBM 181"]
[Source "ChessBase"]
[SourceDate "2017.11.10"]
[SourceVersion "1"]
[SourceVersionDate "2017.11.10"]
[SourceQuality "1"]

{While many players had planned their "exit-strategy" from the World Cup with the Isle of Man's organisers in advance, Magnus after the unexpected loss in round 3 to Bu, wanted to quickly wash a way the defeat, and an open tournament with most of the worlds elite present seemed like an excellent opportunity. The early rounds had the expected scares with risktaking and unusual openings in the end Magnus was rewarded with a half point lead before this game in the penultimate round:} 1. e4 e5 2. Nf3 Nc6 3. Bb5 a6 4. Ba4 Nf6 5. O-O b5 6. Bb3 Bc5 {Magnus played the Moeller in the crucial game 9 of the match in New York, and had to pull of a spectacular save after getting into troubles out of the opening, and thus had parked the line until this game:} 7. c3 d6 8. a4 Rb8 9. d4 Bb6 10. a5 Ba7 11. h3 O-O 12. Be3 Ra8 13. Re1 h6 14. Nbd2 {Caruana had this exact position the day before also with the white pieces against Gawain Jones, who preferred 14...exd4.} Re8 {Curiously Magnus prefers the move Caruana himself played against Karjakin in 2013! That game continued with the pawn sacrifice 15.f1, but the American had prepared an even more cunning idea:} (14... exd4 15. cxd4 Nb4 {From a positional point of view Black is doing well, but Fabiano launched a well prepared attack with} 16. e5 $1 Nfd5 17. Ne4 Nxe3 18. Rxe3 Bb7 19. e6 Nd5 20. exf7+ Kh8 21. Re1 Rxf7 22. Rc1 Rc8 23. Nfg5 $1 {winning excellently. The depth of White's play is shown after} Re7 $1 (23... Rf5 $2 {was the game}) 24. Qg4 Qe8 25. Kh2 $1 Rd8 26. Qf5 $1 g6 27. Qg4 $1 {when the computer shows White has a very promising attack.}) 15. g4 $5 {The idea of attacking a pawn on h6 with g4 is not exactly new but, ideally White would prefer a rook and not his king on g1! Here however White's control of the centre means that it is difficult for Black to launch an attack against White's now somewhat weakened king, and more pressingly it's not easy to see how White develops next. There is no point in hiding that the move took the World Champion by surprise, as he now thought for more than half an hour coming up with a common sense reply:} Qe7 $6 {The computer indicates two ways for Black:} (15... exd4 16. cxd4 Nb4 {in the style of Jones is logical, now however with the rook on e8,} 17. Bxf7+ (17. g5 $5 {also deserves attention with wild tactics emerging after} c5 $1 18. e5 $5 Nfd5 19. Ne4 {with a complete mess, where Caruana certainly would be prepared.}) 17... Kxf7 18. Qb3+ {is possible, allthough} Nbd5 19. exd5 Bb7 20. Qd3 Qd7 $1 {as indicated by the computers seems to hold.}) (15... Qd7 $5 {is very interesting, combining defending the knight on c6 (and thus threatening 16...exd4 17.cxd4 xe4 18.xe4 xe4 as 19.d5 does not threaten on c6.) with ...xg4 motives cropping up.} {White can play it slow with} 16. Qc2 {but then} ({White can try and force events with} 16. g5 $5 {but Black can still play} exd4 17. cxd4 Nxe4 18. Nxe4 Rxe4 19. Bd5 {and while now} Re8 {loses to both 20.gxh6 or 20.g6,} (19... Qxh3 $1 {forces a draw, as} 20. Bxe4 Qg4+ {both 21.f1 and 21.h1 leave White's king exposed after 21...xe4 and} 21. Kh2 Qh5+ {is a perpetual.})) 16... Nd8 {is a good way to regroup.}) 16. Nf1 $1 {A very strong move, leaving Black in a strategically very difficult position.} Nd8 ({Tactically the problem is that} 16... exd4 17. cxd4 Nxe4 {loses a piece to} 18. d5 $1 Bxe3 19. Rxe3 Ne5 20. Nxe5 Qxe5 21. f3 {which means that Black has to play it slow.}) 17. Ng3 c5 18. Qd2 c4 19. Bc2 Nh7 20. b4 {An interesting moment. The computers at first indicate that 20.b3! is the move, and 20.b4 somewhat lets Black off the hook, but obviously both players seemed to think that sealing off the queenside is to White's advantage, and after a while the machine somewhat agrees with that after 20...f6!? 21.g2 e6 22.h4! still means White has a considerable advantage as Black's intended 22...hg5 is prevented.} cxb3 (20... Qf6 $5 21. Kg2 Ne6 22. h4 $1) 21. Bxb3 Be6 {Till here Caruana has turned in a powerful performance, but things are about to take a dramatic shift.} 22. Bc2 $2 ({After} 22. Nf5 $1 Qc7 {maybe at first it looks like White has made no progress, but} 23. Bd5 $1 {leaves White close to strategically winning:} Bxd5 (23... Rc8 24. Rac1 {also leaves Black stuck for moves, and biting the bullet and taking on f5, e.g. already in move 22 means White has a basically unstoppable attack down the g-file.}) 24. exd5 f6 {loses tactically to} 25. Bxh6 {as White's attack is unstoppable after} gxh6 26. Qxh6 Kh8 27. g5 fxg5 28. Nxd6 $18) 22... Rc8 23. Bd3 Nb7 24. Rec1 $146 {Not managing to follow through on his aggressive intentions, Caruana has shifted to a defensive setup keeping a5 and c3 protected, and planning d5 and c4 should Black place his queen on the obvious square c7, but Black does have another way of pressurising the a-pawn:} ({RR} 24. Qb2 Qd8 25. Qa3 Qe7 26. Qb2 Qd8 {0-1 (37) Bogdanov,E (2433)-Jeet,J (2223) Rochefort 2020}) ({RR} 24. Qb2 Qd8 25. Qa3 Qe7 26. Qb2 Qd8 {0-1 (37) Bogdanov,E (2433)-Jeet,J (2223) Rochefort 2020}) 24... Qd8 $1 {Short of time, White now collapses.} 25. Qb2 (25. d5 $1 {still was the best move, as after} Bxe3 26. Qxe3 Bd7 27. c4 $1 Nxa5 28. cxb5 Rxc1+ 29. Rxc1 axb5 30. Qa7 $1 {it seems like Black's best is} Nb3 {when White gets the pawn back with} 31. Rb1 Nc5 32. Bxb5 {and should be able to save the draw. In time pressure, however, Caruana goes astray.}) 25... Nxa5 26. Nd2 d5 $1 {Not only is Black a pawn up, but also the white centre is collapsing.} 27. Re1 Bb8 28. exd5 Bxd5 29. Bf5 Rc6 30. Qa3 Nb7 31. Rad1 exd4 32. Bxd4 Ng5 33. c4 Rxe1+ 34. Rxe1 Be6 35. Qe3 Bf4 $1 {The bishop, who White went to great length excluding from the game has returned efficiently and fittingly delivers the final blow. And as 36.xf4 loses to 36...xh3+ and 36.e2 xd2 37.xd2 to 37...f3+ Caruana resigned. Another American however kept the pase, meaning Magnus had a half point lead over Nakamura and a full point over the remaining field. Playing Hikaru as White the World Champion found inspiration from the French Championship, copying a recent game and effectively forcing a draw to clinch tournament victory.} 0-1

[Event "London Classic 9th"]
[Site "London"]
[Date "2017.12.03"]
[Round "2"]
[White "Karjakin, Sergey"]
[Black "Carlsen, Magnus"]
[Result "1/2-1/2"]
[WhiteElo "2760"]
[BlackElo "2837"]
[PlyCount "59"]
[EventDate "2017.12.01"]
[EventType "tourn"]
[EventRounds "9"]
[EventCountry "ENG"]
[EventCategory "22"]
[SourceTitle "CBM 182"]
[Source "ChessBase"]
[SourceDate "2018.01.17"]
[SourceVersion "1"]
[SourceVersionDate "2018.01.17"]
[SourceQuality "1"]

1. e4 e5 2. Nf3 Nc6 3. Bc4 Bc5 4. O-O Nf6 5. d3 d6 6. c3 a6 7. a4 Ba7 8. Re1 h6 9. Nbd2 g5 10. b4 Nh5 11. Nb3 g4 12. b5 gxf3 13. Qxf3 Qf6 14. Qxf6 Nxf6 15. bxc6 bxc6 16. d4 $146 ({RR} 16. Na5 Bd7 17. Bb3 Rb8 18. Bd1 h5 19. Bg5 Ng8 20. Be2 f6 21. Be3 Bxe3 22. fxe3 Ne7 23. Reb1 Rc8 24. d4 Bg4 25. Bf1 Kd7 26. Rb7 Rb8 27. Rab1 Rxb7 28. Rxb7 Ra8 29. Nc4 Kd8 30. a5 d5 {Santos Latasa,J (2633)-Abdusattorov,N (2646) Castelldefels 2021 ½-½ (34)}) ({RR} 16. Na5 Bd7 17. Bb3 Rb8 18. Bd1 h5 19. Bg5 Ng8 20. Be2 f6 21. Be3 Bxe3 22. fxe3 Ne7 23. Reb1 Rc8 24. d4 Bg4 25. Bf1 Kd7 26. Rb7 Rb8 27. Rab1 Rxb7 28. Rxb7 Ra8 29. Nc4 Kd8 30. a5 d5 {Santos Latasa,J (2633)-Abdusattorov,N (2646) Castelldefels 2021 ½-½ (34)}) 16... Be6 17. Bxe6 fxe6 18. Be3 exd4 19. Bxd4 e5 20. Bxa7 Rxa7 21. Na5 Kd7 22. Rab1 Raa8 23. f3 Rab8 24. Kf2 h5 25. h4 Rhf8 26. Ke3 Rg8 27. Kf2 Rgf8 28. Ke3 Rg8 29. Kf2 Rgf8 30. Ke3 1/2-1/2